Crónica del Obispo Don Pelayo / (Record no. 117964)

MARC details
000 -LEADER
campo de control de longitud fija 00550nam a2200169 4500
001 - NÚMERO DE CONTROL
campo de control 117964
003 - IDENTIFICADOR DE NÚMERO DE CONTROL
campo de control ES-MaACL
007 - CAMPO FIJO DE DESCRIPCIÓN FÍSICA--INFORMACIÓN GENERAL
campo de control de longitud fija t|
008 - DATOS DE LONGITUD FIJA--INFORMACIÓN GENERAL
campo de control de longitud fija 070214s1924 sp r ||||1| spa d
100 0# - ENTRADA PRINCIPAL--NOMBRE DE PERSONA
Nombre de persona Pelayo,
Títulos y otros términos asociados al nombre Obispo de Oviedo,
Fechas asociadas al nombre -1153
9 (RLIN) 90026
245 10 - MENCIÓN DEL TÍTULO
Título Crónica del Obispo Don Pelayo /
Mención de responsabilidad, etc. edición preparada por Benito Sánchez Alonso.
260 ## - PUBLICACIÓN, DISTRIBUCIÓN, ETC.
Lugar de publicación, distribución, etc. Madrid :
Nombre del editor, distribuidor, etc. [s.n.],
Fecha de publicación, distribución, etc. 1924 (
Fabricante Imp. Sucesores de Hernando)
300 ## - DESCRIPCIÓN FÍSICA
Extensión 92 p. ;
Dimensiones 22 cm.
700 1# - ENTRADA AGREGADA--NOMBRE PERSONAL
Nombre de persona Sánchez Alonso, Benito.
9 (RLIN) 102446
852 ## - LOCALIZACIÓN
Ubicación ES-MaACL
Número de control de estantería B-5209
Holdings
Estatus retirado Estado de pérdida Estado de daño No para préstamo Biblioteca de origen Biblioteca actual Ubicación en estantería Fecha de adquisición Fuente de adquisición Total de préstamos Signatura topográfica completa Código de barras Visto por última vez Precio de reemplazo Tipo de ítem Koha
        Biblioteca del Ateneo de Madrid Biblioteca del Ateneo de Madrid Sala Pardo Bazán 17/01/2008     B-5209 1122979 23/02/2023 23/02/2023 Libro impreso